[Event "22nd ETCC Women 2019"]
[Site "Batumi"]
[Date "2019.10.24"]
[Round "1.9"]
[White "Vega Gutierrez, Sabrina"]
[Black "Machlik, Monika"]
[Result "1-0"]
[WhiteElo "2395"]
[BlackElo "2159"]
[Annotator "NA"]
[PlyCount "135"]
[EventDate "2019.10.24"]
[EventType "team-tourn"]
[EventCountry "GEO"]
[SourceTitle "playchess.com"]
[Source "ChessBase"]
[SourceQuality "1"]
[WhiteTeam "Spain"]
[BlackTeam "Norway"]
[WhiteTeamCountry "ESP"]
[BlackTeamCountry "NOR"]
[TimeControl "40/5400+30:1800+30"]

1. d4 {[%emt 0:00:00]} Nf6 {[%emt 0:00:00]} 2. c4 {[%emt 0:00:00]} e6 {[%emt 0:00:00]} 3. Nf3 {[%emt 0:00:05]} Bb4+ {[%emt 0:00:18]} 4. Bd2 {[%emt 0:00:42]} a5 {[%emt 0:00:13]} 5. a3 {[%emt 0:00:39]} Bxd2+ {[%emt 0:00:51]} 6. Qxd2 {[%emt 0:00:32]} d6 {[%emt 0:02:51]} 7. Nc3 {[%emt 0:00:29]} Nc6 {[%emt 0:03:38]} 8. Rd1 {[%emt 0:03:43]} O-O {[%emt 0:03:15]} 9. e4 {[%emt 0:00:38]} Qe7 {[%emt 0:14:17]} 10. Be2 {[%emt 0:09:21]} e5 {[%emt 0:05:50]} 11. d5 {[%emt 0:20:46]} Nb8 {[%emt 0:02:59]} 12. b4 {[%emt 0:00:41]} Nh5 {[%emt 0:15:46]} 13. g3 {[%emt 0:01:13]} g6 {[%emt 0:03:49]} 14. O-O {[%emt 0:05:02]} Ng7 {[%emt 0:06:37]} 15. c5 {[%emt 0:06:00]} axb4 {[%emt 0:04:14]} 16. cxd6 {[%emt 0:04:06]} cxd6 {[%emt 0:01:40]} 17. axb4 {[%emt 0:00:08]} f5 {[%emt 0:01:26]} 18. Qg5 {[%emt 0:12:33]} Qd7 {[%emt 0:07:00]} 19. Bb5 {[%emt 0:13:30]} Qc7 {[%emt 0:09:26]} 20. Rc1 {[%emt 0:00:19]} Qb6 {[%emt 0:00:52]} 21. Nd2 {[%emt 0:08:59]} Bd7 {[%emt 0:07:07]} 22. Nc4 {[%emt 0:00:41]} Qc7 {[%emt 0:00:27]} 23. Qe7 {[%emt 0:05:16]} Ne8 {[%emt 0:01:28]} 24. Bxd7 {[%emt 0:00:31]} Qxd7 {[%emt 0:01:00]} 25. Qxd7 {[%emt 0:03:33]} Nxd7 {[%emt 0:00:01]} 26. Nb5 {[%emt 0:00:40]} Ra4 {[%emt 0:03:56]} 27. Rb1 {[%emt 0:00:42]} Rf6 {[%emt 0:00:56]} 28. exf5 {[%emt 0:00:39]} gxf5 {[%emt 0:00:09]} 29. Na5 {[%emt 0:01:02]} b6 {[%emt 0:01:32]} 30. Nc6 {[%emt 0:00:06]} f4 {[%emt 0:01:22]} 31. Ra1 {[%emt 0:00:14]} Rxa1 {[%emt 0:00:36]} 32. Rxa1 {[%emt 0:00:02]} fxg3 {[%emt 0:00:29]} 33. hxg3 {[%emt 0:00:15]} Rf8 {[%emt 0:00:34]} 34. Ra7 {[%emt 0:01:41]} Ndf6 {[%emt 0:00:35]} 35. Nc3 {[%emt 0:00:44]} Rf7 {[%emt 0:01:09]} 36. Ra8 {[%emt 0:00:12]} Kg7 {[%emt 0:01:01]} 37. Nd8 {[%emt 0:02:11]} Re7 {[%emt 0:00:29]} 38. Ne6+ {[%emt 0:00:29]} Kf7 {[%emt 0:00:27]} 39. Rb8 {[%emt 0:00:31]} Nd7 {[%emt 0:00:33]} 40. Rb7 {[%emt 0:00:00]} Nef6 {[%emt 0:00:00]} 41. Ng5+ {[%emt 0:05:07]} Kf8 {[%emt 0:09:32]} 42. Nge4 {[%emt 0:01:17]} Ne8 {[%emt 0:01:14]} 43. f3 {[%emt 0:05:07]} Ndf6 {[%emt 0:15:53]} 44. Rxb6 {[%emt 0:01:32]} Rc7 {[%emt 0:00:05]} 45. Nxf6 {[%emt 0:09:36]} Nxf6 {[%emt 0:01:29]} 46. Rxd6 {[%emt 0:00:11]} Rxc3 {[%emt 0:03:16]} 47. Rxf6+ {[%emt 0:00:10]} Kg7 {[%emt 0:02:07]} 48. Rf5 {[%emt 0:02:25]} Rd3 {[%emt 0:00:23]} 49. d6 {[%emt 0:04:16]} e4 {[%emt 0:00:55]} 50. fxe4 {[%emt 0:01:25]} Rxd6 {[%emt 0:00:21]} 51. Rd5 {[%emt 0:03:00]} Ra6 {[%emt 0:00:49]} 52. Kf2 {[%emt 0:00:48]} Ra4 {[%emt 0:00:20]} 53. Rb5 {[%emt 0:00:12]} Ra3 {[%emt 0:00:07]} 54. Rb6 {[%emt 0:00:15]} Rb3 {[%emt 0:00:07]} 55. e5 {[%emt 0:01:45]} Kf7 {[%emt 0:00:09]} 56. Rf6+ {[%emt 0:01:23]} Ke7 {[%emt 0:00:38]} 57. Rf4 {[%emt 0:00:32]} Ke6 {[%emt 0:00:31]} 58. Re4 {[%emt 0:00:04]} Kd5 {[%emt 0:01:39]} 59. e6 {[%emt 0:00:44]} Kxe4 {[%emt 0:00:17]} 60. e7 {[%emt 0:00:03]} Rb2+ {[%emt 0:00:35]} 61. Kg1 {[%emt 0:00:33]} Rb1+ {[%emt 0:00:37]} 62. Kg2 {[%emt 0:00:07]} Rb2+ {[%emt 0:00:30]} 63. Kh3 {[%emt 0:00:11]} Rxb4 {[%emt 0:00:31]} 64. e8=Q+ {[%emt 0:00:08]} Kd3 {[%emt 0:00:28]} 65. Qd7+ {[%emt 0:00:15]} Rd4 {[%emt 0:00:08]} 66. Qxh7+ {[%emt 0:00:06]} Ke3 {[%emt 0:00:02]} 67. Qf5 {[%emt 0:00:18]} Rd1 {[%emt 0:00:19]} 68. Qf4+ {[%emt 0:00:34]} 1-0

[Event "22nd ETCC Women 2019"]
[Site "Batumi"]
[Date "2019.10.24"]
[Round "1.9"]
[White "Hoolt, Sarah"]
[Black "Ushenina, Anna"]
[Result "0-1"]
[WhiteElo "2323"]
[BlackElo "2431"]
[Annotator "NA"]
[PlyCount "72"]
[EventDate "2019.10.24"]
[EventType "team-tourn"]
[EventCountry "GEO"]
[SourceTitle "playchess.com"]
[Source "ChessBase"]
[SourceQuality "1"]
[WhiteTeam "Germany"]
[BlackTeam "Ukraine"]
[WhiteTeamCountry "NOR"]
[BlackTeamCountry "UKR"]
[TimeControl "40/5400+30:1800+30"]

1. e4 {[%emt 0:00:00]} c5 {[%emt 0:00:00]} 2. Nf3 {[%emt 0:00:00]} Nc6 {[%emt 0:00:01]} 3. Bb5 {[%emt 0:00:09]} g6 {[%emt 0:00:16]} 4. Bxc6 {[%emt 0:00:08]} dxc6 {[%emt 0:00:05]} 5. d3 {[%emt 0:00:09]} Bg7 {[%emt 0:00:21]} 6. h3 {[%emt 0:00:17]} Nf6 {[%emt 0:01:12]} 7. Nc3 {[%emt 0:00:38]} Nd7 {[%emt 0:00:55]} 8. Be3 {[%emt 0:00:46]} e5 {[%emt 0:01:40]} 9. Qd2 {[%emt 0:00:19]} h6 {[%emt 0:00:04]} 10. O-O {[%emt 0:03:23]} b6 {[%emt 0:01:47]} 11. a4 {[%emt 0:00:10]} Nf8 {[%emt 0:01:44]} 12. a5 {[%emt 0:03:00]} Rb8 {[%emt 0:00:03]} 13. Na4 {[%emt 0:05:10]} Ne6 {[%emt 0:04:53]} 14. Nh2 {[%emt 0:05:35]} c4 {[%emt 0:36:51]} 15. Rfd1 {[%emt 0:24:42]} cxd3 {[%emt 0:03:24]} 16. axb6 {[%emt 0:06:25]} axb6 {[%emt 0:01:08]} 17. c4 {[%emt 0:02:09]} Nd4 {[%emt 0:18:40]} 18. Qxd3 {[%emt 0:00:47]} O-O {[%emt 0:01:34]} 19. b4 {[%emt 0:09:55]} b5 {[%emt 0:04:41]} 20. Nc5 {[%emt 0:01:39]} Qe7 {[%emt 0:00:57]} 21. Bxd4 {[%emt 0:15:33]} exd4 {[%emt 0:00:04]} 22. cxb5 {[%emt 0:02:53]} Rxb5 {[%emt 0:00:23]} 23. Ra4 {[%emt 0:00:20]} f5 {[%emt 0:02:42]} 24. Qc4+ {[%emt 0:03:03]} Kh7 {[%emt 0:02:40]} 25. Re1 {[%emt 0:00:56]} fxe4 {[%emt 0:01:19]} 26. Rxe4 {[%emt 0:01:13]} Rxc5 {[%emt 0:01:27]} 27. Rxe7 {[%emt 0:03:13]} Rxc4 {[%emt 0:00:03]} 28. Raa7 {[%emt 0:00:11]} Rc1+ {[%emt 0:00:24]} 29. Nf1 {[%emt 0:00:06]} Rg8 {[%emt 0:01:17]} 30. g4 {[%emt 0:00:06]} d3 {[%emt 0:05:19]} 31. Kg2 {[%emt 0:00:22]} Rc2 {[%emt 0:00:17]} 32. Ne3 {[%emt 0:04:41]} Re2 {[%emt 0:00:51]} 33. Kf3 {[%emt 0:01:25]} Re1 {[%emt 0:01:08]} 34. Ra2 {[%emt 0:01:04]} Kh8 {[%emt 0:01:17]} 35. Rc7 {[%emt 0:03:13]} Rd8 {[%emt 0:00:53]} 36. Rxc6 {[%emt 0:03:31]} Bb7 0-1

[Event "22nd ETCC Women 2019"]
[Site "Batumi"]
[Date "2019.10.24"]
[Round "1.10"]
[White "Buksa, Nataliya"]
[Black "Sieber, Fiona"]
[Result "1/2-1/2"]
[WhiteElo "2410"]
[BlackElo "2252"]
[Annotator "NA"]
[PlyCount "68"]
[EventDate "2019.10.24"]
[EventType "team-tourn"]
[EventCountry "GEO"]
[SourceTitle "playchess.com"]
[Source "ChessBase"]
[SourceQuality "1"]
[WhiteTeam "Ukraine"]
[BlackTeam "Germany"]
[WhiteTeamCountry "UKR"]
[BlackTeamCountry "GER"]
[TimeControl "40/5400+30:1800+30"]

1. e4 {[%emt 0:00:00]} c5 {[%emt 0:00:00]} 2. Nf3 {[%emt 0:00:00]} d6 {[%emt 0:00:00]} 3. Bb5+ {[%emt 0:00:00]} Bd7 {[%emt 0:02:20]} 4. Bxd7+ {[%emt 0:00:28]} Qxd7 {[%emt 0:01:04]} 5. c4 {[%emt 0:00:05]} Nf6 {[%emt 0:03:09]} 6. Nc3 {[%emt 0:00:06]} g6 {[%emt 0:01:00]} 7. O-O {[%emt 0:01:03]} Bg7 {[%emt 0:00:36]} 8. d4 {[%emt 0:02:14]} cxd4 {[%emt 0:00:05]} 9. Nxd4 {[%emt 0:00:04]} O-O {[%emt 0:00:11]} 10. f3 {[%emt 0:01:31]} Rc8 {[%emt 0:09:44]} 11. b3 {[%emt 0:04:28]} d5 {[%emt 0:02:01]} 12. exd5 {[%emt 0:35:13]} Nxd5 {[%emt 0:01:16]} 13. Nxd5 {[%emt 0:00:28]} e6 {[%emt 0:02:25]} 14. Bh6 {[%emt 0:00:11]} exd5 {[%emt 0:01:39]} 15. Bxg7 {[%emt 0:02:07]} Kxg7 {[%emt 0:00:08]} 16. cxd5 {[%emt 0:01:48]} Qxd5 {[%emt 0:00:41]} 17. Ne2 {[%emt 0:00:04]} Qxd1 {[%emt 0:03:56]} 18. Rfxd1 {[%emt 0:00:22]} Rc2 {[%emt 0:01:26]} 19. Nf4 {[%emt 0:02:18]} Nc6 {[%emt 0:03:35]} 20. Rd7 {[%emt 0:01:17]} Re8 {[%emt 0:08:07]} 21. Rad1 {[%emt 0:09:05]} Rxa2 {[%emt 0:08:14]} 22. Rxb7 {[%emt 0:00:35]} Nd4 {[%emt 0:03:22]} 23. Kf1 {[%emt 0:20:17]} Rc8 {[%emt 0:03:43]} 24. Rd7 {[%emt 0:03:15]} Nxb3 {[%emt 0:13:46]} 25. Ne6+ {[%emt 0:00:04]} Kh6 {[%emt 0:05:13]} 26. Rxf7 {[%emt 0:03:15]} Rcc2 {[%emt 0:00:11]} 27. g4 {[%emt 0:07:42]} Rf2+ {[%emt 0:02:50]} 28. Kg1 {[%emt 0:00:03]} Rg2+ {[%emt 0:00:04]} 29. Kh1 {[%emt 0:00:02]} Rxh2+ {[%emt 0:00:11]} 30. Kg1 {[%emt 0:00:02]} Rag2+ {[%emt 0:07:27]} 31. Kf1 {[%emt 0:00:03]} Rf2+ {[%emt 0:00:16]} 32. Kg1 {[%emt 0:00:03]} Rhg2+ {[%emt 0:02:20]} 33. Kh1 {[%emt 0:00:12]} Rh2+ {[%emt 0:03:22]} 34. Kg1 {[%emt 0:00:03]} Rhg2+ {[%emt 0:00:59]} 1/2-1/2

[Event "22nd ETCC Women 2019"]
[Site "Batumi"]
[Date "2019.10.24"]
[Round "1.10"]
[White "Machlik, Edit"]
[Black "Garcia Martin, Marta"]
[Result "1-0"]
[WhiteElo "2062"]
[BlackElo "2305"]
[Annotator "NA"]
[PlyCount "77"]
[EventDate "2019.10.24"]
[EventType "team-tourn"]
[EventCountry "GEO"]
[SourceTitle "playchess.com"]
[Source "ChessBase"]
[SourceQuality "1"]
[WhiteTeam "Norway"]
[BlackTeam "Spain"]
[WhiteTeamCountry "NOR"]
[BlackTeamCountry "ESP"]
[TimeControl "40/5400+30:1800+30"]

1. d4 {[%emt 0:00:00]} d5 {[%emt 0:00:00]} 2. c4 {[%emt 0:00:00]} e6 {[%emt 0:00:00]} 3. Nc3 {[%emt 0:00:15]} a6 {[%emt 0:00:04]} 4. c5 {[%emt 0:00:46]} b6 {[%emt 0:00:39]} 5. cxb6 {[%emt 0:00:11]} cxb6 {[%emt 0:00:06]} 6. Bf4 {[%emt 0:00:15]} Bd6 {[%emt 0:02:52]} 7. Bxd6 {[%emt 0:00:29]} Qxd6 {[%emt 0:00:06]} 8. e3 {[%emt 0:00:32]} Nf6 {[%emt 0:00:34]} 9. Nf3 {[%emt 0:00:49]} Nc6 {[%emt 0:03:34]} 10. Bd3 {[%emt 0:00:37]} O-O {[%emt 0:00:23]} 11. O-O {[%emt 0:00:14]} Bb7 {[%emt 0:00:58]} 12. Qe2 {[%emt 0:04:39]} Rfe8 {[%emt 0:26:25]} 13. Rfd1 {[%emt 0:14:15]} b5 {[%emt 0:04:53]} 14. Rac1 {[%emt 0:01:40]} Rac8 {[%emt 0:04:54]} 15. h3 {[%emt 0:18:39]} Na5 {[%emt 0:07:35]} 16. Rc2 {[%emt 0:07:58]} Nc4 {[%emt 0:13:54]} 17. Rdc1 {[%emt 0:03:10]} Qb4 {[%emt 0:18:23]} 18. Nd1 {[%emt 0:12:32]} Rb8 {[%emt 0:01:50]} 19. b3 {[%emt 0:03:20]} Nd6 {[%emt 0:02:51]} 20. Ne5 {[%emt 0:05:33]} Qa3 {[%emt 0:03:14]} 21. Rc5 {[%emt 0:15:26]} Nc4 {[%emt 0:05:12]} 22. Nxc4 {[%emt 0:07:39]} dxc4 {[%emt 0:01:44]} 23. Bxc4 {[%emt 0:01:52]} bxc4 {[%emt 0:00:35]} 24. R1xc4 {[%emt 0:00:15]} Bc6 {[%emt 0:00:41]} 25. Rxc6 {[%emt 0:00:08]} e5 {[%emt 0:00:27]} 26. dxe5 {[%emt 0:00:36]} Nd7 {[%emt 0:00:22]} 27. f4 {[%emt 0:00:27]} f6 {[%emt 0:00:30]} 28. e6 {[%emt 0:00:39]} Nb6 {[%emt 0:00:13]} 29. Rc2 {[%emt 0:00:41]} Nd5 {[%emt 0:00:47]} 30. Rxa6 {[%emt 0:00:24]} Qe7 {[%emt 0:00:05]} 31. Rd2 {[%emt 0:00:47]} Rbd8 {[%emt 0:00:43]} 32. f5 {[%emt 0:00:15]} Qc7 {[%emt 0:00:52]} 33. Ra4 {[%emt 0:00:51]} Qe5 {[%emt 0:00:12]} 34. Qf3 {[%emt 0:00:32]} Ne7 {[%emt 0:00:24]} 35. Rad4 {[%emt 0:00:23]} Rc8 {[%emt 0:00:07]} 36. e4 {[%emt 0:00:20]} Rc1 {[%emt 0:00:25]} 37. Qd3 {[%emt 0:00:44]} Nc6 {[%emt 0:00:53]} 38. Rc4 {[%emt 0:00:28]} Qa1 {[%emt 0:00:43]} 39. Rxc1 {[%emt 0:00:28]} 1-0

[Event "22nd ETCC Women 2019"]
[Site "Batumi"]
[Date "2019.10.24"]
[Round "1.11"]
[White "Matnadze, Ana"]
[Black "Kyrkjebo, Hanna B."]
[Result "1-0"]
[WhiteElo "2383"]
[BlackElo "1949"]
[Annotator "NA"]
[PlyCount "73"]
[EventDate "2019.10.24"]
[EventType "team-tourn"]
[EventCountry "GEO"]
[SourceTitle "playchess.com"]
[Source "ChessBase"]
[SourceQuality "1"]
[WhiteTeam "Spain"]
[BlackTeam "Norway"]
[WhiteTeamCountry "ESP"]
[BlackTeamCountry "NOR"]
[TimeControl "40/5400+30:1800+30"]

1. Nf3 {[%emt 0:00:00]} Nf6 {[%emt 0:00:00]} 2. g3 {[%emt 0:00:00]} e6 {[%emt 0:00:30]} 3. Bg2 {[%emt 0:00:02]} d5 {[%emt 0:00:16]} 4. c4 {[%emt 0:00:21]} Be7 {[%emt 0:00:22]} 5. O-O {[%emt 0:00:09]} O-O {[%emt 0:01:05]} 6. d4 {[%emt 0:01:20]} dxc4 {[%emt 0:01:40]} 7. Qc2 {[%emt 0:00:29]} a6 {[%emt 0:01:52]} 8. a4 {[%emt 0:00:34]} Bd7 {[%emt 0:11:03]} 9. Ne5 {[%emt 0:00:42]} Bc6 {[%emt 0:03:41]} 10. Nxc6 {[%emt 0:03:58]} Nxc6 {[%emt 0:00:45]} 11. Bxc6 {[%emt 0:08:34]} bxc6 {[%emt 0:00:25]} 12. Rd1 {[%emt 0:00:37]} Qd7 {[%emt 0:07:32]} 13. Na3 {[%emt 0:05:39]} Rfd8 {[%emt 0:06:15]} 14. Nxc4 {[%emt 0:03:36]} c5 {[%emt 0:08:38]} 15. Be3 {[%emt 0:06:11]} cxd4 {[%emt 0:05:34]} 16. Bxd4 {[%emt 0:00:25]} Qc8 {[%emt 0:07:52]} 17. Rac1 {[%emt 0:02:53]} Rb8 {[%emt 0:03:05]} 18. b3 {[%emt 0:12:49]} Nd5 {[%emt 0:08:31]} 19. Ne5 {[%emt 0:08:11]} Rb7 {[%emt 0:08:56]} 20. Nc6 {[%emt 0:01:30]} Re8 {[%emt 0:02:15]} 21. Qc4 {[%emt 0:04:33]} Qa8 {[%emt 0:06:37]} 22. e4 {[%emt 0:00:21]} Nb6 {[%emt 0:02:41]} 23. Qc3 {[%emt 0:05:37]} Bf8 {[%emt 0:00:39]} 24. Bc5 {[%emt 0:03:49]} Bxc5 {[%emt 0:02:41]} 25. Qxc5 {[%emt 0:00:03]} h6 {[%emt 0:02:15]} 26. Rc3 {[%emt 0:02:17]} Nc8 {[%emt 0:01:24]} 27. e5 {[%emt 0:03:52]} Nb6 {[%emt 0:03:19]} 28. Rf3 {[%emt 0:06:01]} Nd5 {[%emt 0:01:48]} 29. Rxd5 {[%emt 0:02:41]} exd5 {[%emt 0:00:17]} 30. Qxd5 {[%emt 0:03:55]} Rf8 {[%emt 0:02:24]} 31. e6 {[%emt 0:02:40]} fxe6 {[%emt 0:00:30]} 32. Ne7+ {[%emt 0:00:43]} Kh7 {[%emt 0:00:29]} 33. Qe4+ {[%emt 0:06:35]} Rf5 {[%emt 0:00:31]} 34. g4 {[%emt 0:02:14]} c6 {[%emt 0:00:29]} 35. gxf5 {[%emt 0:00:12]} Rxe7 {[%emt 0:00:32]} 36. f6+ {[%emt 0:00:08]} Kg8 {[%emt 0:00:31]} 37. fxe7 {[%emt 0:00:07]} 1-0

[Event "22nd ETCC Women 2019"]
[Site "Batumi"]
[Date "2019.10.24"]
[Round "1.11"]
[White "Klek, Hanna Marie"]
[Black "Osmak, Iulija"]
[Result "1-0"]
[WhiteElo "2248"]
[BlackElo "2409"]
[Annotator "NA"]
[PlyCount "130"]
[EventDate "2019.10.24"]
[EventType "team-tourn"]
[EventCountry "GEO"]
[SourceTitle "playchess.com"]
[Source "ChessBase"]
[SourceQuality "1"]
[WhiteTeam "Germany"]
[BlackTeam "Ukraine"]
[WhiteTeamCountry "GER"]
[BlackTeamCountry "UKR"]
[TimeControl "40/5400+30:1800+30"]

1. e4 {[%emt 0:00:00]} e6 {[%emt 0:00:00]} 2. d4 {[%emt 0:00:00]} d5 {[%emt 0:00:00]} 3. e5 {[%emt 0:00:00]} c5 {[%emt 0:00:00]} 4. c3 {[%emt 0:00:00]} Qb6 {[%emt 0:00:00]} 5. Nf3 {[%emt 0:00:00]} Nc6 {[%emt 0:00:00]} 6. a3 {[%emt 0:00:00]} c4 {[%emt 0:01:38]} 7. Nbd2 {[%emt 0:00:03]} Na5 {[%emt 0:00:05]} 8. Be2 {[%emt 0:00:07]} Bd7 {[%emt 0:00:12]} 9. O-O {[%emt 0:00:09]} Ne7 {[%emt 0:00:13]} 10. a4 {[%emt 0:00:05]} Nf5 {[%emt 0:07:38]} 11. g4 {[%emt 0:11:21]} Ne7 {[%emt 0:03:03]} 12. Ne1 {[%emt 0:00:50]} f6 {[%emt 0:05:35]} 13. f4 {[%emt 0:01:47]} fxe5 {[%emt 0:13:04]} 14. fxe5 {[%emt 0:00:12]} Ng6 {[%emt 0:00:07]} 15. Kh1 {[%emt 0:01:37]} Be7 {[%emt 0:02:00]} 16. Ng2 {[%emt 0:09:56]} O-O-O {[%emt 0:02:14]} 17. Nf3 {[%emt 0:18:57]} Rdf8 {[%emt 0:07:15]} 18. Qc2 {[%emt 0:02:01]} Nb3 {[%emt 0:12:18]} 19. Ra2 {[%emt 0:00:19]} Be8 {[%emt 0:06:22]} 20. Be3 {[%emt 0:04:32]} h5 {[%emt 0:03:36]} 21. gxh5 {[%emt 0:12:19]} Rxh5 {[%emt 0:00:36]} 22. Ng1 {[%emt 0:01:24]} Rxf1 {[%emt 0:01:59]} 23. Bxh5 {[%emt 0:00:35]} Rf5 {[%emt 0:02:47]} 24. Bg4 {[%emt 0:04:35]} Rf8 {[%emt 0:00:11]} 25. Qe2 {[%emt 0:02:24]} Kb8 {[%emt 0:03:00]} 26. Qe1 {[%emt 0:07:50]} Bd8 {[%emt 0:05:17]} 27. Qg3 {[%emt 0:05:28]} Ne7 {[%emt 0:05:10]} 28. Nf4 {[%emt 0:00:37]} Nf5 {[%emt 0:08:04]} 29. Bxf5 {[%emt 0:00:35]} Rxf5 {[%emt 0:00:04]} 30. Qxg7 {[%emt 0:00:19]} a5 {[%emt 0:02:19]} 31. Qh8 {[%emt 0:07:30]} Bf7 {[%emt 0:02:02]} 32. Nf3 {[%emt 0:01:09]} Ka7 {[%emt 0:00:41]} 33. Kg2 {[%emt 0:03:17]} Qc7 {[%emt 0:05:05]} 34. h4 {[%emt 0:02:02]} Qd7 {[%emt 0:00:57]} 35. Kg3 {[%emt 0:02:14]} Be8 {[%emt 0:01:46]} 36. Qg8 {[%emt 0:02:05]} Rf7 {[%emt 0:01:43]} 37. Kf2 {[%emt 0:00:41]} Be7 {[%emt 0:00:51]} 38. Qg4 {[%emt 0:00:43]} Rf5 {[%emt 0:00:22]} 39. Ke2 {[%emt 0:00:29]} Bf8 {[%emt 0:00:38]} 40. Ng5 {[%emt 0:00:00]} Bf7 {[%emt 0:00:00]} 41. Ke1 {[%emt 0:12:52]} Bh6 {[%emt 0:05:28]} 42. Ra3 {[%emt 0:01:47]} Qc8 {[%emt 0:07:34]} 43. Ne2 {[%emt 0:04:25]} Bxg5 {[%emt 0:08:47]} 44. Bxg5 {[%emt 0:00:13]} Bg6 {[%emt 0:01:28]} 45. Ng3 {[%emt 0:02:00]} Rf8 {[%emt 0:00:57]} 46. h5 {[%emt 0:03:42]} Bd3 {[%emt 0:04:04]} 47. Bf6 {[%emt 0:01:25]} Rg8 {[%emt 0:01:08]} 48. Bg7 {[%emt 0:00:06]} Qe8 {[%emt 0:02:43]} 49. h6 {[%emt 0:00:25]} Qf7 {[%emt 0:00:19]} 50. Rxb3 {[%emt 0:03:46]} cxb3 {[%emt 0:00:08]} 51. Ne2 {[%emt 0:00:48]} Bf5 {[%emt 0:02:00]} 52. Qg5 {[%emt 0:01:27]} Qe8 {[%emt 0:00:44]} 53. c4 {[%emt 0:02:42]} Qc6 {[%emt 0:01:45]} 54. c5 {[%emt 0:01:14]} Qxa4 {[%emt 0:00:08]} 55. Qc1 {[%emt 0:00:41]} Qd7 {[%emt 0:00:34]} 56. Qc3 {[%emt 0:00:19]} a4 {[%emt 0:00:47]} 57. Qa5+ {[%emt 0:00:12]} Kb8 {[%emt 0:00:04]} 58. Nc3 {[%emt 0:00:39]} Bd3 {[%emt 0:00:50]} 59. Nxa4 {[%emt 0:00:59]} Qf7 {[%emt 0:00:34]} 60. Kd2 {[%emt 0:01:26]} Bc4 {[%emt 0:00:35]} 61. Kc3 {[%emt 0:00:35]} Qf2 {[%emt 0:00:26]} 62. Kb4 {[%emt 0:00:01]} Qxd4 {[%emt 0:00:31]} 63. Ka3 {[%emt 0:00:15]} Bd3 {[%emt 0:00:33]} 64. Nb6 {[%emt 0:00:19]} Ba6 {[%emt 0:00:30]} 65. Nd7+ {[%emt 0:00:22]} Kc8 1-0

[Event "22nd ETCC Women 2019"]
[Site "Batumi"]
[Date "2019.10.24"]
[Round "1.12"]
[White "Zhukova, Natalia"]
[Black "Osmanodja, Filiz"]
[Result "1-0"]
[WhiteElo "2333"]
[BlackElo "2225"]
[Annotator "NA"]
[PlyCount "81"]
[EventDate "2019.10.24"]
[EventType "team-tourn"]
[EventCountry "GEO"]
[SourceTitle "playchess.com"]
[Source "ChessBase"]
[SourceQuality "1"]
[WhiteTeam "Ukraine"]
[BlackTeam "Germany"]
[WhiteTeamCountry "UKR"]
[BlackTeamCountry "GER"]
[TimeControl "40/5400+30:1800+30"]

1. Nf3 {[%emt 0:00:00]} Nf6 {[%emt 0:00:00]} 2. c4 {[%emt 0:00:00]} e6 {[%emt 0:00:58]} 3. Nc3 {[%emt 0:00:23]} Bb4 {[%emt 0:01:37]} 4. Qc2 {[%emt 0:01:34]} O-O {[%emt 0:02:26]} 5. a3 {[%emt 0:02:32]} Bxc3 {[%emt 0:00:30]} 6. Qxc3 {[%emt 0:00:09]} d6 {[%emt 0:01:00]} 7. d4 {[%emt 0:04:02]} h6 {[%emt 0:03:58]} 8. g3 {[%emt 0:05:43]} Re8 {[%emt 0:05:58]} 9. Bg2 {[%emt 0:00:32]} Nc6 {[%emt 0:06:30]} 10. O-O {[%emt 0:00:47]} e5 {[%emt 0:00:43]} 11. d5 {[%emt 0:05:55]} Ne7 {[%emt 0:05:02]} 12. Nd2 {[%emt 0:06:08]} c5 {[%emt 0:22:05]} 13. b4 {[%emt 0:08:01]} b6 {[%emt 0:07:16]} 14. e4 {[%emt 0:00:46]} Ng6 {[%emt 0:04:38]} 15. Nb3 {[%emt 0:14:11]} Bd7 {[%emt 0:05:42]} 16. Bd2 {[%emt 0:36:08]} Qc7 {[%emt 0:01:51]} 17. Rfc1 {[%emt 0:01:19]} Nh7 {[%emt 0:05:33]} 18. Qd3 {[%emt 0:01:23]} Rf8 {[%emt 0:04:39]} 19. Rab1 {[%emt 0:04:36]} f5 {[%emt 0:04:58]} 20. bxc5 {[%emt 0:00:17]} bxc5 {[%emt 0:01:01]} 21. Na5 {[%emt 0:00:37]} f4 {[%emt 0:03:00]} 22. Rb7 {[%emt 0:01:07]} Qc8 {[%emt 0:00:36]} 23. h4 {[%emt 0:02:56]} Bg4 {[%emt 0:05:38]} 24. f3 {[%emt 0:01:04]} Bd7 {[%emt 0:04:41]} 25. h5 {[%emt 0:00:25]} Nh8 {[%emt 0:00:54]} 26. gxf4 {[%emt 0:01:33]} exf4 {[%emt 0:00:01]} 27. Rcb1 {[%emt 0:00:30]} Ng5 {[%emt 0:01:05]} 28. Nc6 {[%emt 0:00:05]} Bxc6 {[%emt 0:00:34]} 29. dxc6 {[%emt 0:00:02]} Qxc6 {[%emt 0:00:14]} 30. Qc3 {[%emt 0:01:33]} Ne6 {[%emt 0:00:46]} 31. Bh3 {[%emt 0:00:23]} Nd4 {[%emt 0:00:06]} 32. Kf2 {[%emt 0:00:08]} Qe8 {[%emt 0:01:16]} 33. Rg1 {[%emt 0:00:55]} Rf7 {[%emt 0:00:17]} 34. Qb2 {[%emt 0:00:01]} Qd8 {[%emt 0:00:36]} 35. Rg4 {[%emt 0:00:40]} Qe8 {[%emt 0:00:47]} 36. Bxf4 {[%emt 0:00:38]} Rxb7 {[%emt 0:00:31]} 37. Qxb7 {[%emt 0:00:02]} Nf7 {[%emt 0:00:22]} 38. Bxh6 {[%emt 0:00:19]} Ne6 {[%emt 0:00:34]} 39. Bxg7 {[%emt 0:00:23]} Nxg7 {[%emt 0:00:31]} 40. h6 {[%emt 0:00:00]} Kh8 {[%emt 0:00:00]} 41. Rxg7 {[%emt 0:05:32]} 1-0